000 01185nam a22002057a 4500
003 DO-SdBNP
005 20240307073950.0
007 ta
008 220126b2019 ||||| |||| 00| 0 spa d
040 _aDO-SdBNP
_bspa
_cBNPHU
082 4 _a342.729307
_bR426L 2019
_222
110 1 _aRepública Dominicana.
_b Junta Central Electoral
_964605
245 _aLey 15-19 ley orgánica de régimen electoral y legislación complementaria
260 _aMoca :
_bDalis,
_c2019
300 _a182 p. ;
_c22 cm
505 _aLey 33-18 ley de partidos. agrupaciones y movimientos políticos
_gLey 157-13, que establece el voto preferencial para la elección de Diputados y diputadas al Congreso Nacional, Regidores y Regidoras de los Municipios y vocales de los Distritos Municipales
_gLey 30-06 que prohíbe la utilización por parte de agrupaciones o partidos políticos de lemas o dibujos contentivos del símbolo, colores emblema o bandera, distinguen a una agrupación política, sin la autorización legal del grupo o partido político indicado con dichos simbolos, colores o emblemas.
590 _aInventariado, 2022 / DG
910 _aDG/Validado. Control de calidad MFF
942 _2ddc
_cLBS1
999 _c51225
_d51225